Orbits / (Record no. 158010)

MARC details
000 -LEADER
fixed length control field 00465nam a22001817a 4500
005 - DATE AND TIME OF LATEST TRANSACTION
control field 20181013110535.0
010 ## - LCCN (DPL NO)
LC control number ENG-124298
020 ## - INTERNATIONAL STANDARD BOOK NUMBER
Terms of availability 400.00
International Standard Book Number 9789350451496
035 ## - SYSTEM CONTROL NUMBER
System control number EN-107830
037 ## - SOURCE OF ACQUISITION
Source of stock number/acquisition DBAD/PUB
082 ## - DEWEY DECIMAL CLASSIFICATION NUMBER
Classification number N
100 ## - MAIN ENTRY--PERSONAL NAME
Personal name Nair R K R
245 ## - TITLE STATEMENT
Title Orbits /
Statement of responsibility, etc by R K R Nair
260 ## - PUBLICATION, DISTRIBUTION, ETC. (IMPRINT)
Place of publication, distribution, etc Calcutta
Name of publisher, distributor, etc Writers Workshop Books
Date of publication, distribution, etc 2017
270 ## - ADDRESS
City Calcutta
Postal code 700045
Address 162/92 Lake gardens
300 ## - PHYSICAL DESCRIPTION
Extent 225p.
Dimensions 21cm (Hb)
942 ## - ADDED ENTRY ELEMENTS (KOHA)
Source of classification or shelving scheme Dewey Decimal Classification
Item type English Books
Classification part N
Call number suffix NAI
Holdings
Withdrawn status Lost status Not for loan Collection code Home library Current library Date acquired Source of acquisition Cost, normal purchase price Full call number Barcode Copy number Cost, replacement price Koha item type
    Not For Loan Fiction D.B.Act.Division Bawana 13/10/2018 DBAD/PUB 400.00 N NAI EN-107830 1 400.00 English Books

© Delhi Public Library
Hit Counter
free hit counter